00982nab a22002057a 4500003000400000005001700004008004100021040000700062100002900069245009000098260007200188300001300260500003900273505017100312505008900483650002000572650001900592650002700611773013800638OSt20260110002503.0190605e xxu||||| |||| 00| 0 spa d cPJ aRepice, Francisco D. A. 10aEstabilidad del empleado público. Necesidad del sumario /cFrancisco D. A. Repice.  aCiudad Autónoma de Buenos Aires :bThomson Reuters La Ley,c2023. ap. 18-23 aCita: TR LALEY AR/DOC/1968/2023.  aSumario: I. Estabilidad del empleado público.— II. Omisión de sustanciación de sumario administrativo previo conforme lo normado por el art. 14 bis de la CN.  t¿Te interesa el texto completo? Solicitalo al correo: koha@justierradelfuego.gov.ar 0aDERECHO LABORAL 0aEMPLEO PUBLICO 0aADMINISTRACION PUBLICA0 02711dCiudad Autónoma de Buenos Aires : Thomson Reuters La Ley, 1999-2002.tRevista de derecho del trabajo. Nº 5 - Septiembre 2023